Score 0/14 Timer 03:00
0 Plays Today
Scrambled Word Answer % Correct
BOJJob
99.9%
MHOEHome
99.5%
PMCACamp
99.4%
MTIETime
99.2%
OOCSHLSchool
97.7%
GLIFNFling
91.9%
SSUQAHSquash
90.4%
Scrambled Word Answer % Correct
NILGOVLoving
74.4%
ABLASELBBaseball
69.7%
ISLTAEVFFestival
55.4%
LOSIMPYCOlympics
52%
TAVICONAVacation
44.7%
Common Bond: Summer
42.9%
COTESLISSolstice
18.8%
Remove Ads.
Support Sporcle.
Get the best of Sporcle when you Go Orange. This ad-free experience offers more features, more stats, and more fun while also helping to support Sporcle. Thank you for becoming a member.

You're not logged in!

Compare scores with friends on all Sporcle quizzes.
OR
Log In

Show Comments

Extras

Top Quizzes Today


Score Distribution

Your Account Isn't Verified!

In order to create a playlist on Sporcle, you need to verify the email address you used during registration. Go to your Sporcle Settings to finish the process.

Report this User

Report this user for behavior that violates our Community Guidelines.

Details: